03050nam a2200433uu 450000100070000000500170000700700100002400800410003403500110007504000130008604100080009908000090010708200080011610000570012424501260018126000350030730000130034252012980035565000250165365000310167865000250170965000360173465000340177065000290180465000630183365000680189665000190196465000390198365000400202270000530206270000550211570000490217070000480221970000540226794200100232199900190233150001400235095201260249099711320260507073238.0co|||||||061009e20061009 spa  a997113 ccomduadb aspa aV/CD 4a30610aBarrera Velasquez, Andres Mauricio4auteaut942754410aPracticas y concepciones de la crianza humanizada en adultos significativos de las comunas 1 y 2 de la ciudad de Medellin aMedellín :bAutor(a),c2006. a1 CD-ROM3 aDesde el estructural funcionalismo de Talcott Parsons la familia es un subsistema esencial de la sociedad donde se llevan a cabo importantes procesos como la socialización infantil, la enculturación y la estabilización emocional de los adultos, otorgándole un papel relevante en la preservación del orden social. Dichos procesos se dan a través de la crianza, que constituye cada una de las pautas y orientaciones que los padres y/o los adultos significativos ofrecen a los niños/as dentro del entorno familiar. Aunque las formas de crianza son tan múltiples como los tipos de familias, éste documento se centra en la crianza humanizada, definiéndola como el proceso en el que la familia hace un aporte significativo a partir de las características propias de cada uno de sus integrantes, para formar un ser social íntegro y con comportamientos concordantes con el medio sociocultural en el que se desarrolla, además, pretende dar cuenta de las prácticas y concepciones que sobre el tema tienen los adultos significativos de las Comunas 1 y 2 de la Ciudad de Medellín. Para analizar la temática abordada se acudió a la sociología de familia en su perspectiva funcionalista y a los lineamientos legales sobre niñez tanto internacionales como nacionales. 7aFamilia2lemb960807 7aSocialización2lemb9740 aOrden social9149001 7aCrianza de niños2lemb950693 aOrientación familiar945070 aTipos de familia9155118 aComuna 1, Popular, Medellín (Antioquia, Colombia)918592 aComuna 2, Santa Cruz - Medellín (Antioquia, Colombia)983024 aNiñez971037 aParsons, Talcott, 1902-1979959903 7aEducación en el hogar2lemb9236010aVanegas Ochoa, Angela Patricia4auteaut942503110aBarrera Urrego, Claudia Patricia4auteaut954979010aGaviria Correa, Juan Pablo4auteaut942940810aOssa Ramirez, Marbin Rosa4auteaut942625910aRodriguez Jimenez, Alba Marlene4thseths9276316 cTESIS c397984d397984 aTesis (Maestria en Problemas Sociales Contemporaneos, Emergencias y Desastres ). Universidad de Antioquia - Título del grado otorgado 001040708DIGITALaCISHbCISHd2007-02-21iC940363l0oV/CD-03474p0617867r2023-04-26 00:00:00t1w2023-04-26yDIGITAL